TEDDYNİN SAÇMA SAPAN GÜNLÜĞÜ (Kayıt no. 798505)

MARC ayrıntıları
000 -LEADER
sabit uzunluktaki kontrol alanı 00262nam a2200097Ia 4500
001 - KONTROL NUMARASI
kontrol alanı 798505
005 - EN SON İŞLEMİN TARİH VE ZAMANI
kontrol alanı 20250826170829.0
008 - SABİT-UZUNLUKTA VERİ ÖĞELERİ--GENEL BİLGİ
sabit uzunluktaki kontrol alanı 250824s9999 xx 000 0 und d
245 #0 - ESER / YAZAR
ESER ADI TEDDYNİN SAÇMA SAPAN GÜNLÜĞÜ
Yazar Adı YASEMİN DERYA AKA
260 ## - YAYIN, DAĞITIM, VB.
YAYIN EVİ ÇOCUK GEZEGENİ
Mevcut
Düşüm durumu Kayıp durumu Hasar Durumu Ödünç verilmez Ana kütüphane Geçerli Kütüphane Edinilen tarih Toplam ödünç verme sayısı Barkod İade tarihi Son görüntüleme tarihi Son ödünç verme tarihi Fiyatın geçerli olmaya başladığı tarih Koha materyal türü
        ŞEHİT OSMAN DEMİR İLKOKULU ŞEHİT OSMAN DEMİR İLKOKULU 24.08.2025 2 10145089 05.05.2026 20.04.2026 20.04.2026 26.08.2025 Kitaplar
Gemini Bilgi Teknolojileri A.Ş. tarafından düzenlenmiştir.